[Event "10th EICC"]
[Site "Budva MNE"]
[Date "2009.03.17"]
[Round "11"]
[White "Kotronias, V."]
[Black "Grigoriants, S RUS."]
[Result "1-0"]
[WhiteElo "2603"]
[BlackElo "2565"]
[PlyCount "55"]
[EventDate "2009.03.06"]

1. e4 c5 2. Nf3 e6 3. d4 cxd4 4. Nxd4 a6 5. Nc3 d6 6. Be3 b5 7. g4 Bb7 8. Bg2
Nd7 9. g5 Ne7 10. O-O b4 11. Na4 d5 12. f4 Qa5 13. c3 dxe4 14. cxb4 Qxb4 15. f5
Nd5 16. fxe6 Nxe3 17. exd7+ Kd8 18. Rxf7 Bd5 19. a3 Qa5 20. Qb3 Bd6 21. Qxe3
Qxa4 22. Ne6+ Bxe6 23. Qb6+ Bc7 24. Qxe6 Qd4+ 25. Kh1 Qe5 26. Qh3 Rb8 27. Raf1
Bd6 28. g6 1-0

[Event "Open"]
[Site "Reykjavik ISL"]
[Date "2009.03.26"]
[Round "3"]
[White "Vocaturo, D."]
[Black "Hillarp Persson, T."]
[Result "1-0"]
[WhiteElo "2445"]
[BlackElo "2586"]
[PlyCount "69"]
[EventDate "2009.03.24"]

1. e4 e6 2. d4 d5 3. Nc3 Bb4 4. e5 c5 5. a3 Bxc3+ 6. bxc3 Ne7 7. h4 Nbc6 8. h5
Qa5 9. Bd2 Bd7 10. h6 gxh6 11. Rb1 O-O-O 12. Rb5 Qxa3 13. Rxc5 a6 14. Qb1 Kc7
15. c4 b6 16. cxd5 bxc5 17. d6+ Kc8 18. Rh3 Qa4 19. Rb3 Nd5 20. dxc5 Rdg8 21.
c4 Nde7 22. Ne2 Qxc4 23. Nc3 Qxc5 24. Ne4 Qxe5 25. dxe7 Nxe7 26. Rb8+ Qxb8 27.
Bxa6+ Kc7 28. Ba5+ Kc6 29. Qc2+ Kd5 30. Qd3+ Ke5 31. Bc3+ Kf5 32. Nd6+ Kg5 33.
Qg3+ Kh5 34. Be2+ Rg4 35. Qxg4# 1-0

[Event "16th TCh-RUS Premier"]
[Site "Dagomys RUS"]
[Date "2009.04.04"]
[Round "1"]
[White "Sakaev, K."]
[Black "Eljanov, P."]
[Result "0-1"]
[WhiteElo "2627"]
[BlackElo "2693"]
[PlyCount "100"]
[EventDate "2009.04.04"]

1. d4 Nf6 2. c4 e6 3. Nf3 d5 4. Nc3 Nbd7 5. cxd5 exd5 6. Qc2 Bb4 7. a3 Bxc3+ 8.
Qxc3 Ne4 9. Qc2 Ndf6 10. Ne5 Bf5 11. f3 Nd6 12. Qc3 Nd7 13. Bf4 O-O 14. g4 Be6
15. e3 Nxe5 16. Bxe5 h5 17. gxh5 Qh4+ 18. Bg3 Qxh5 19. Be2 Rfe8 20. Rg1 Nf5 21.
Be5 c5 22. dxc5 d4 23. exd4 Qh4+ 24. Kd2 Qh6+ 25. Kc2 f6 26. Bg3 Rad8 27. Rad1
Bf7 28. Bd3 Ne3+ 29. Kb1 Nxd1 30. Rxd1 Re3 31. Bd6 Qh5 32. Qc2 Qd5 33. Bh7+ Kh8
34. Be4 Qa2+ 35. Kc1 Bb3 36. Qb1 Qxb1+ 37. Bxb1 Bxd1 38. Kxd1 Rxf3 39. Be4 Rf4
40. Bxb7 Rxd4+ 41. Kc2 R8xd6 42. cxd6 Rxd6 43. b4 f5 44. b5 f4 45. h3 Rf6 46.
Kd2 f3 47. Ke1 f2+ 48. Kf1 Rf4 49. a4 Rxa4 50. Kxf2 Ra3 0-1

[Event "16th TCh-RUS Premier"]
[Site "Dagomys RUS"]
[Date "2009.04.07"]
[Round "4"]
[White "Belov, Vl"]
[Black "Grischuk, A."]
[Result "1-0"]
[WhiteElo "2623"]
[BlackElo "2748"]
[PlyCount "117"]
[EventDate "2009.04.04"]

1. d4 Nf6 2. c4 g6 3. Nc3 Bg7 4. e4 d6 5. Nf3 O-O 6. Be2 e5 7. O-O Nc6 8. d5
Ne7 9. Ne1 Nd7 10. f3 f5 11. g4 Kh8 12. Nd3 Ng8 13. Kh1 f4 14. Rg1 Bf6 15. b4
Bh4 16. c5 Ndf6 17. Bb2 Bd7 18. a4 h5 19. Nxf4 exf4 20. g5 Kh7 21. gxf6 Bxf6
22. Qd2 Nh6 23. Bb5 Bh3 24. Bf1 Bd7 25. Bb5 Bh3 26. Rac1 Be5 27. Nd1 a6 28. Nf2
Bc8 29. Bf1 Nf7 30. Nd3 Bd7 31. cxd6 cxd6 32. Nxe5 dxe5 33. d6 Bxa4 34. Rc7 Kh6
35. Rxf7 Rxf7 36. Bxe5 Bb5 37. Bxf4+ Kh7 38. Bg2 Qd7 39. Bg5 Bc6 40. Qd4 a5 41.
Bc1 Qe8 42. Qe3 Qf8 43. b5 Bd7 44. e5 Re8 45. f4 Bxb5 46. Be4 Rf5 47. Qb6 Bc6
48. Bxc6 bxc6 49. d7 Rd8 50. Qxc6 Qf7 51. e6 Qe7 52. Re1 Rf6 53. Qe4 a4 54. Bb2
Rf5 55. Qxa4 Rdf8 56. Qd4 Rxf4 57. Qg7+ Qxg7 58. Bxg7 Rd8 59. Be5 1-0

[Event "16th TCh-RUS Premier"]
[Site "Dagomys RUS"]
[Date "2009.04.10"]
[Round "7"]
[White "Shirov, A."]
[Black "Volokitin, And"]
[Result "1-0"]
[WhiteElo "2745"]
[BlackElo "2671"]
[PlyCount "91"]
[EventDate "2009.04.04"]

1. e4 e5 2. Nf3 Nc6 3. Bb5 Nf6 4. O-O Nxe4 5. d4 Nd6 6. Bxc6 dxc6 7. dxe5 Nf5
8. Qxd8+ Kxd8 9. Nc3 Bd7 10. h3 h6 11. b3 Kc8 12. Bb2 Ne7 13. Nd4 c5 14. Nde2
Bf5 15. Rac1 h5 16. Nd1 Nd5 17. Ne3 Nxe3 18. fxe3 Be6 19. Nf4 Kd7 20. Rcd1+ Ke8
21. c4 Rh6 22. e4 Be7 23. Nd5 Bd8 24. Rd3 h4 25. Rdf3 g5 26. Rd3 c6 27. Ne3 Rg6
28. Nf5 Be7 29. g4 hxg3 30. Rxg3 b5 31. h4 bxc4 32. h5 Rg8 33. h6 cxb3 34. Ng7+
Rxg7 35. hxg7 Kd7 36. axb3 Kc7 37. Rf6 g4 38. Rh6 Rg8 39. Rh7 Bg5 40. Kg2 Bf4
41. Rd3 Kb6 42. Bc3 c4 43. Rh8 Rxg7 44. Rb8+ Kc7 45. Rdd8 Be3 46. Bb4 1-0

[Event "GM"]
[Site "Ostrava CZE"]
[Date "2009.05.04"]
[Round "2"]
[White "Azarov, S."]
[Black "Socko, B."]
[Result "1-0"]
[WhiteElo "2618"]
[BlackElo "2637"]
[PlyCount "75"]
[EventDate "2009.05.03"]

1. e4 e5 2. Nf3 Nc6 3. Bb5 a6 4. Ba4 Nf6 5. O-O Be7 6. Re1 b5 7. Bb3 d6 8. c3
O-O 9. h3 Nd7 10. d4 Bf6 11. d5 Ne7 12. a4 Bb7 13. axb5 axb5 14. Rxa8 Qxa8 15.
Na3 Ba6 16. Nc2 Nc5 17. Ne3 Nxb3 18. Qxb3 g6 19. Bd2 Qb7 20. Ra1 Ra8 21. Ra3
Qc8 22. Ng4 Bg7 23. Bg5 Kf8 24. Qb4 Ng8 25. Ngxe5 Bxe5 26. Nxe5 f6 27. Nf3 fxg5
28. Nxg5 h6 29. Ne6+ Ke7 30. c4 c5 31. Qc3 Nf6 32. Qg3 Bb7 33. Rf3 Qh8 34. Nf4
Kd7 35. Nxg6 Qd8 36. Qh4 Ne8 37. Rf7+ Kc8 38. Ne7+ 1-0

[Event "ch-RUS HL"]
[Site "Ulan Ude RUS"]
[Date "2009.09.03"]
[Round "2"]
[White "Riazantsev, A."]
[Black "Sjugirov, S."]
[Result "1-0"]
[WhiteElo "2646"]
[BlackElo "2585"]
[PlyCount "59"]
[EventDate "2009.09.02"]

1. d4 d5 2. c4 e6 3. Nc3 c6 4. e4 dxe4 5. Nxe4 Bb4+ 6. Bd2 Qxd4 7. Bxb4 Qxe4+
8. Be2 Na6 9. Ba5 f6 10. Nf3 b6 11. Nd2 Qf5 12. Bh5+ g6 13. Bf3 Ne7 14. Bc3 e5
15. O-O O-O 16. Ne4 Qe6 17. Re1 Nf5 18. Nxf6+ Rxf6 19. Rxe5 Qd7 20. Qe2 Bb7 21.
Bg4 Rf7 22. Bxf5 gxf5 23. Rd1 Qc7 24. Rxf5 Kf8 25. Qg4 Rxf5 26. Qxf5+ Qf7 27.
Qxf7+ Kxf7 28. Rd7+ Ke6 29. Rxb7 Nc5 30. Rxh7 1-0